Kernel lessons intermediate: student's book
Saved in:
| Main Authors: | , , |
|---|---|
| Format: | Bog |
| Sprog: | engelsk |
| Udgivet: |
Londres
Longman Group Limited
1971
|
| Fag: | |
| Tags: |
Tilføj Tag
Ingen Tags, Vær først til at tagge denne postø!
|
MARC
| LEADER | 00000cam a2200000 a 4500 | ||
|---|---|---|---|
| 001 | UCF6382 | ||
| 003 | CL-VaPUC | ||
| 008 | 130425e19710000UK |||||||||||||||||eng|d | ||
| 020 | |a 0582522404 | ||
| 082 | 0 | 4 | |a 428.34 |b ONE |2 21 |
| 100 | |a O'Neill, Robert |e author |9 568362 | ||
| 700 | |a Kingsbury, Roy |e author |9 568363 | ||
| 700 | 0 | |a Yeadon, Tony |e author |9 568364 | |
| 245 | 1 | 0 | |a Kernel lessons intermediate: student's book |
| 300 | |a 151 p | ||
| 942 | |c BK | ||
| 945 | |d 20130425 00:00:00 |a dcastane | ||
| 260 | |a Londres |b Longman Group Limited |c 1971 | ||
| 650 | 0 | |a Lengua inglesa |9 318842 | |
| 650 | 0 | |a Libros de textos para hablantes extranjeros |9 326366 | |
| 583 | |a last modification |c 20130425 11:23:00 |k Rodrigo Vera | ||
| 999 | |c 351602 |d 351600 | ||
| 952 | |0 0 |1 0 |4 0 |6 428_340000000000000_ONE_1971 |7 0 |8 A |9 455791 |a BIBEDU |b BIBEDU |d 2019-11-22 |i 4950097 |o 428.34 ONE 1971 |p 4950097 |r 2019-11-22 |w 2019-11-22 |y BK |k CIT | ||